|
|
|
|
| LEADER |
01332nam a2200277 a 4500 |
| 001 |
11937216 |
| 008 |
100613r20052001maua 001 0 eng d |
| 010 |
|
|
|a 00029315
|
| 020 |
|
|
|a 8178086832
|
| 020 |
|
|
|a 0201702207
|
| 040 |
|
|
|a DLC
|c DLC
|d DLC
|d DB-DhAAL
|
| 082 |
0 |
0 |
|a 005.13/3
|2 21
|
| 100 |
1 |
|
|a Carrano, Frank M.
|
| 245 |
1 |
0 |
|a Data abstraction and problem solving with Java :
|b walls and mirrors /
|c Frank M. Carrano, Janet J. Prichard.
|
| 260 |
|
|
|a Boston ;
|a New Delhi :
|b Pearson education,
|c c2001.[reprinted 2005]
|
| 300 |
|
|
|a xxii, 806 p. :
|b ill. ;
|c 27 cm.
|
| 504 |
|
|
|a Includes index.
|
| 541 |
1 |
|
|e 00016431
|
| 650 |
|
0 |
|a Java (Computer program language)
|
| 650 |
|
0 |
|a Data structures (Computer science)
|
| 700 |
1 |
|
|a Prichard, Janet J.
|
| 852 |
4 |
|
|a Ayesha Abed Library
|j General Shelf.
|
| 999 |
|
|
|c 8909
|d 8909
|
| 952 |
|
|
|0 0
|1 0
|2 ddc
|4 0
|6 005_133000000000000_CAR_2005
|7 0
|9 10905
|a BRACUL
|b BRACUL
|c GEN
|d 2010-06-13
|l 6
|m 57
|o 005.133 CAR
|p 3010016431
|r 2022-03-03
|s 2020-03-16
|t 1
|w 2010-06-13
|y BK
|
| 952 |
|
|
|0 0
|1 0
|2 ddc
|4 0
|6 005_133000000000000_CAR
|7 0
|9 17862
|a BRACUL
|b BRACUL
|c GEN
|d 2011-08-18
|l 3
|m 67
|o 005.133 CAR
|p 3010016429
|r 2022-01-31
|s 2020-01-18
|t 2
|w 2011-08-18
|y BK
|
| 952 |
|
|
|0 0
|1 0
|2 ddc
|4 0
|6 005_133000000000000_CAR
|7 0
|9 17863
|a BRACUL
|b BRACUL
|c GEN
|d 2011-08-18
|l 4
|m 44
|o 005.133 CAR
|p 3010016430
|r 2019-07-09
|s 2019-02-17
|t 3
|w 2011-08-18
|y BK
|